[Event "ASKO Høstturnering 2009"]
[Site "Oslo"]
[Date "2009.09.01"]
[Round "1"]
[White "Blomkvist, Vemund"]
[Black "Briseid, Håkon"]
[Result "0-1"]
[WhiteElo "1484"]
[BlackElo "1962"]
[PlyCount "107"]
[EventDate "2009.??.??"]

1. e4 e5 2. f4 exf4 3. Be2 Qh4+ 4. Kf1 d5 5. e5 Nc6 6. d4 Bf5 7. c3 O-O-O 8. b4
f6 9. b5 Nxe5 10. dxe5 fxe5 11. Nf3 Qf6 12. Qa4 Kb8 13. Na3 Bc5 14. Nc2 e4 15.
Nfd4 f3 16. gxf3 exf3 17. Bxf3 Bxc2 18. Qxc2 Bxd4 19. Kg2 Bxc3 20. Rb1 Nh6 21.
Rb3 Bd4 22. Rd1 Nf5 23. Kh1 Ne3 24. Rxe3 Bxe3 25. Qg2 Bxc1 26. Rxc1 c6 27. bxc6
bxc6 28. Qg3+ Ka8 29. Bg2 Rhf8 30. Qc7 Rc8 31. Qd7 Qf7 32. Qd6 Qf4 33. Qc5 h5
34. Rb1 h4 35. Bxd5 Qf6 36. Bg2 Rfd8 37. a4 Qg6 38. Rc1 Rd2 39. Qg1 h3 40. Bxh3
Qxg1+ 41. Kxg1 Rc7 42. Rb1 Rb7 43. Rc1 Rbb2 44. Rxc6 Rb1+ 45. Bf1 Rdd1 46. Rc8+
Kb7 47. Rf8 Kb6 48. Kg2 Rxf1 49. Rxf1 Rxf1 50. Kxf1 Ka5 51. Ke1 Kxa4 52. Kd2
Kb4 53. Kc2 Kc4 54. Kd2 0-1

[Event "ASKO Høstturnering 2009"]
[Site "Oslo"]
[Date "2009.11.03"]
[Round "1"]
[White "Breivik, Rolv"]
[Black "Tveit, Geir"]
[Result "1-0"]
[WhiteElo "1571"]
[BlackElo "1462"]
[PlyCount "83"]
[EventDate "2009.??.??"]

1. d4 d5 2. c4 c6 3. Nc3 e5 4. e3 exd4 5. exd4 Nf6 6. Bd3 Be6 7. cxd5 Nxd5 8.
Nge2 Bd6 9. O-O O-O 10. Ne4 Nf6 11. Bg5 Be7 12. Qc2 Nxe4 13. Bxe7 Qxe7 14. Bxe4
f5 15. Bd3 Qf7 16. Rfe1 Bxa2 17. Rxa2 Kh8 18. Raa1 Nd7 19. Rad1 Nb6 20. Nf4
Rae8 21. Re5 Rxe5 22. dxe5 g5 23. Nh3 h6 24. Re1 Qe6 25. f4 g4 26. Nf2 h5 27.
Rd1 h4 28. Qc5 Rd8 29. Bc2 Rxd1+ 30. Nxd1 h3 31. Qf8+ Qg8 32. Qxf5 hxg2 33.
Qh5+ Kg7 34. Qxg4+ Kf8 35. Qxg8+ Kxg8 36. Kxg2 Kg7 37. Ne3 a5 38. h4 Nd7 39.
Ng4 b5 40. h5 c5 41. h6+ Kh8 42. e6 1-0

[Event "ASKO Høstturnering 2009"]
[Site "Oslo"]
[Date "2009.09.01"]
[Round "1"]
[White "Erikstad, Olav"]
[Black "Paulshus, Anders"]
[Result "1-0"]
[WhiteElo "1665"]
[BlackElo "1203"]
[PlyCount "117"]
[EventDate "2009.??.??"]

1. e4 e5 2. Nf3 Nc6 3. Bb5 a6 4. Bxc6 dxc6 5. d4 exd4 6. Qxd4 Qxd4 7. Nxd4 Bg4
8. f3 Bh5 9. Bf4 O-O-O 10. Nf5 f6 11. Nd2 Ne7 12. Nxe7+ Bxe7 13. O-O-O Bc5 14.
Nc4 Bf7 15. Be3 Be7 16. Na5 Bxa2 17. Rd4 Rxd4 18. Bxd4 Rd8 19. Bc3 Bf7 20. Re1
Bc5 21. e5 Bf2 22. Re2 Bd4 23. Bxd4 Rxd4 24. exf6 gxf6 25. Re7 Bg6 26. Rg7 Kb8
27. Re7 Rd5 28. Nb3 a5 29. c4 Rh5 30. h3 a4 31. Nd2 Rc5 32. Re6 b5 33. Rxf6 Re5
34. Ne4 Kb7 35. Nc3 Bd3 36. cxb5 cxb5 37. Rf7 Kb6 38. Kd2 Bg6 39. Rf6+ Ka5 40.
f4 Rc5 41. Rf8 Kb4 42. g4 Kb3 43. f5 Rxc3 44. bxc3 Kb2 45. fxg6 hxg6 46. h4 a3
47. h5 a2 48. Ra8 gxh5 49. gxh5 c5 50. h6 b4 51. cxb4 c4 52. Rxa2+ Kb3 53. Rc2
Kxb4 54. h7 Kb3 55. h8=Q Kb4 56. Qc3+ Kb5 57. Qxc4+ Kb6 58. Rb2+ Ka5 59. Qa2#
1-0

[Event "ASKO Høstturnering 2009"]
[Site "Oslo"]
[Date "2009.09.01"]
[Round "1"]
[White "Flügel, Stefan"]
[Black "Valle, Lars"]
[Result "1-0"]
[WhiteElo "1715"]
[BlackElo "1487"]
[PlyCount "91"]
[EventDate "2009.??.??"]

1. Nc3 d5 2. e4 d4 3. Nce2 Nc6 4. Ng3 e5 5. Nf3 f6 6. Bc4 Nge7 7. d3 Na5 8. b3
c6 9. a4 a6 10. Bd2 c5 11. O-O Nec6 12. Nh4 g6 13. f4 Nxc4 14. bxc4 Bd6 15. f5
g5 16. Qh5+ Kd7 17. Nf3 Be7 18. Qg4 Kc7 19. Rab1 Qe8 20. Nh5 Qf7 21. Qh3 g4 22.
Qxg4 Bd7 23. Qh4 Rag8 24. Kh1 Nb4 25. Bxb4 cxb4 26. a5 Be8 27. g4 Qf8 28. h3
Qh6 29. c5 Bxh5 30. gxh5 Rg7 31. Nxe5 Bxc5 32. Ng4 Qg5 33. Qxg5 Rxg5 34. Nxf6
Kd6 35. Rf3 Ke7 36. e5 Rc8 37. h4 Rg7 38. h6 Rf7 39. Nd5+ Kd8 40. e6 Rf8 41.
Rg1 Be7 42. Rg7 Bxh4 43. Rd7+ Ke8 44. Nc7+ Rxc7 45. Rxc7 Rf6 46. Rxh7 1-0

[Event "ASKO Høstturnering 2009"]
[Site "Oslo"]
[Date "2009.09.01"]
[Round "1"]
[White "Hole, Øystein"]
[Black "Hjelle, Øyvind"]
[Result "1-0"]
[WhiteElo "2377"]
[BlackElo "1422"]
[PlyCount "77"]
[EventDate "2009.??.??"]

1. Nf3 Nf6 2. c4 c5 3. Nc3 e6 4. g3 d5 5. cxd5 exd5 6. d4 Nc6 7. Bg2 Be6 8. O-O
cxd4 9. Nxd4 Bc5 10. Nb3 Bb6 11. Bg5 O-O 12. Qd2 d4 13. Na4 Bxb3 14. axb3 Qd6
15. Nxb6 axb6 16. Qf4 Qxf4 17. Bxf4 Rxa1 18. Rxa1 Re8 19. Kf1 Nd7 20. Rd1 Nc5
21. Bxc6 bxc6 22. Rxd4 f6 23. Be3 Re4 24. Rxe4 Nxe4 25. Bxb6 Nd2+ 26. Ke1 Nxb3
27. Kd1 c5 28. e3 c4 29. Kc2 Kf7 30. Kc3 Ke6 31. Kxc4 Nd2+ 32. Kd3 Nf1 33. h3
Nh2 34. Ke2 Kd5 35. f3 Kc4 36. g4 Kb3 37. Bc7 Nxg4 38. fxg4 Kxb2 39. Kd3 1-0

[Event "ASKO Høstturnering 2009"]
[Site "Oslo"]
[Date "2009.09.01"]
[Round "1"]
[White "Knudsen, Henning A."]
[Black "Skrondal, Inge Sandstad"]
[Result "0-1"]
[WhiteElo "1245"]
[BlackElo "2189"]
[PlyCount "58"]
[EventDate "2009.??.??"]

1. e4 e5 2. Nf3 Nc6 3. Bc4 Nf6 4. Nc3 Nxe4 5. Nxe4 d5 6. Bxd5 Qxd5 7. d3 Bg4 8.
O-O Nd4 9. Ned2 O-O-O 10. c4 Bxf3 11. Nxf3 Nxf3+ 12. Qxf3 Qxf3 13. gxf3 Rxd3
14. Be3 Be7 15. Rfd1 Rxd1+ 16. Rxd1 Rd8 17. Rxd8+ Kxd8 18. Kf1 Kd7 19. Ke2 Kc6
20. Kd3 Bc5 21. a3 a5 22. Bxc5 Kxc5 23. b3 b5 24. cxb5 Kxb5 25. Kc3 a4 26.
bxa4+ Kxa4 27. Kc4 Kxa3 28. Kc5 Kb3 29. Kc6 Kc4 0-1

[Event "ASKO Høstturnering 2009"]
[Site "Oslo"]
[Date "2009.09.01"]
[Round "1"]
[White "Liabøtrø, Ola"]
[Black "Lade, Arnstein S."]
[Result "1/2-1/2"]
[WhiteElo "1367"]
[BlackElo "1569"]
[PlyCount "101"]
[EventDate "2009.??.??"]

1. e4 e6 2. d4 d5 3. Nc3 Nf6 4. Bg5 Be7 5. Bxf6 Bxf6 6. Nf3 b6 7. Bd3 c5 8.
exd5 exd5 9. O-O O-O 10. dxc5 bxc5 11. Nxd5 Na6 12. Nxf6+ Qxf6 13. c3 Bb7 14.
Bxa6 Bxa6 15. Re1 Rad8 16. Qa4 Bb7 17. Re3 Bxf3 18. Rxf3 Qb6 19. Qc2 Rd5 20.
Re1 Qd6 21. Rfe3 g6 22. Qa4 a6 23. Qc4 Rd2 24. b3 Rxa2 25. Rd3 Qf6 26. Qxc5 Qe6
27. Rde3 Qxb3 28. Qd4 Qb8 29. Qc4 Ra3 30. Qb4 Qxb4 31. cxb4 Rxe3 32. Rxe3 Rb8
33. Rb3 a5 34. b5 a4 35. Rb1 Kf8 36. Kf1 Ke7 37. b6 Kd6 38. b7 a3 39. Ke2 Kc6
40. Ra1 Rxb7 41. Rxa3 Rb2+ 42. Kf3 Kd5 43. Re3 h5 44. h4 Rb6 45. Kg3 Rb4 46. f3
f6 47. Re8 f5 48. Rg8 f4+ 49. Kh2 Rb6 50. Ra8 Ke5 51. Ra5+ 1/2-1/2

[Event "ASKO Høstturnering 2009"]
[Site "Oslo"]
[Date "2009.09.01"]
[Round "1"]
[White "Olsen, Andrei"]
[Black "Olaussen, Atle Gjøran"]
[Result "0-1"]
[WhiteElo "1606"]
[BlackElo "1333"]
[PlyCount "90"]
[EventDate "2009.??.??"]

1. e4 e5 2. Nf3 Nc6 3. Bb5 a6 4. Ba4 Nf6 5. O-O b5 6. Bb3 Bc5 7. Nc3 d6 8. h3
Bd7 9. d3 Qc8 10. Nh2 Nd4 11. Be3 Nxb3 12. axb3 Bxe3 13. fxe3 Be6 14. Qe2 O-O
15. Rf2 Qe8 16. Raf1 Nd7 17. Nd5 Qd8 18. Nc3 c6 19. Nf3 Qe7 20. Kh2 g5 21. Ng1
f6 22. g4 Qg7 23. Qf3 Qg6 24. Nge2 Rf7 25. Ng3 Raf8 26. Nf5 d5 27. exd5 cxd5
28. Nxd5 Bxf5 29. gxf5 Qh6 30. e4 Rg7 31. Rg1 Kh8 32. Rg4 Rc8 33. Qe3 Qh5 34.
c4 Qf7 35. Rc2 h5 36. Rgg2 Qf8 37. b4 Nb8 38. b3 Nc6 39. Qb6 Nd4 40. Rb2 Rc6
41. Qa5 Nf3+ 42. Kh1 g4 43. h4 g3 44. Ne3 Qd6 45. Nd5 Rg4 0-1

[Event "ASKO Høstturnering 2009"]
[Site "Oslo"]
[Date "2009.09.01"]
[Round "1"]
[White "Valle, Stian"]
[Black "Øhman, Kjell Tage"]
[Result "0-1"]
[WhiteElo "1193"]
[BlackElo "1629"]
[PlyCount "85"]
[EventDate "2009.??.??"]

1. e4 c5 2. Nf3 e6 3. d4 cxd4 4. Nxd4 a6 5. Be3 Qc7 6. Nc3 b5 7. Qd3 Nf6 8. Be2
Bb7 9. O-O-O b4 10. Nb1 Bxe4 11. Qb3 Nc6 12. f3 Bg6 13. Rd2 Be7 14. a3 Nd5 15.
h4 Na5 16. Qa4 Nxe3 17. h5 Bxc2 18. Nxc2 b3 19. Qe4 Nd5 20. Nc3 bxc2 21. Rxd5
f5 22. Rxf5 Nc6 23. Rf4 Bg5 24. g3 Qe5 25. Kxc2 Bxf4 26. gxf4 Qxe4+ 27. fxe4
Nd4+ 28. Kd3 Nxe2 29. Nxe2 Ke7 30. e5 a5 31. Rg1 Rhg8 32. Ng3 g6 33. h6 Raf8
34. Ke3 g5 35. f5 exf5 36. Nh5 Rg6 37. Nf6 Rfxf6 38. exf6+ Kxf6 39. b4 axb4 40.
axb4 g4 41. Kf4 Rxh6 42. b5 Rh3 43. Rg3 0-1

[Event "ASKO Høstturnering 2009"]
[Site "Oslo"]
[Date "2009.10.06"]
[Round "2"]
[White "Ali, Karim"]
[Black "Fredriksen, Jan Gunnar"]
[Result "1-0"]
[WhiteElo "1633"]
[BlackElo "1794"]
[PlyCount "58"]
[EventDate "2009.??.??"]

1. c4 c5 2. Nc3 Nc6 3. Nf3 d6 4. g3 e5 5. Bg2 f5 6. d3 Nf6 7. O-O Be7 8. Ne1
O-O 9. Nc2 Rb8 10. Ne3 Be6 11. Ned5 Qd7 12. Bg5 Kh8 13. Qc1 f4 14. gxf4 exf4
15. Nxf4 Ne5 16. Nxe6 Qxe6 17. f4 Neg4 18. e4 h6 19. Bh4 Nh7 20. Bxe7 Qxe7 21.
h3 Ngf6 22. Qe1 Nd7 23. Nd5 Qf7 24. Qe2 Nhf6 25. Nxf6 Qxf6 26. Kh2 Rfe8 27. b3
Nf8 28. Rae1 b5 29. cxb5 Ne6 1-0

[Event "ASKO Høstturnering 2009"]
[Site "Oslo"]
[Date "2009.09.15"]
[Round "2"]
[White "Briseid, Håkon"]
[Black "Søreng, Eirik"]
[Result "1-0"]
[WhiteElo "1962"]
[BlackElo "1620"]
[PlyCount "59"]
[EventDate "2009.??.??"]

1. d4 d5 2. c4 c6 3. Nf3 Nf6 4. Nc3 e6 5. e3 Nbd7 6. Bd3 dxc4 7. Bxc4 b5 8. Bd3
Bd6 9. O-O O-O 10. b3 Bb7 11. Bb2 a6 12. Ne4 Nxe4 13. Bxe4 f5 14. Bd3 c5 15.
Rc1 Rc8 16. Qe2 Nf6 17. dxc5 Bxf3 18. Qxf3 Rxc5 19. Rxc5 Bxc5 20. Rd1 Qb6 21.
h3 Ne8 22. Qf4 Bd6 23. Qg5 Qc7 24. Rc1 Qd7 25. Be2 Be7 26. Qf4 Qd2 27. Qe5 Bf6
28. Qxe6+ Kh8 29. Rc8 Qxb2 30. Rxe8 1-0

[Event "ASKO Høstturnering 2009"]
[Site "Oslo"]
[Date "2009.09.15"]
[Round "2"]
[White "Hjelle, Øyvind"]
[Black "Valle, Stian"]
[Result "1-0"]
[WhiteElo "1422"]
[BlackElo "1193"]
[PlyCount "41"]
[EventDate "2009.??.??"]

1. e4 e5 2. Nf3 Nc6 3. Bb5 a6 4. Ba4 Nf6 5. O-O Be7 6. Re1 b5 7. Bb3 O-O 8. c3
Rb8 9. d4 exd4 10. e5 dxc3 11. exf6 cxb2 12. Bxb2 Bxf6 13. Bxf6 Qxf6 14. Nbd2
Nd8 15. Ne4 Qb6 16. Rc1 Nb7 17. Neg5 Nd6 18. Qd3 g6 19. Nh4 h6 20. Qxg6+ Kh8
21. Qh7# 1-0

[Event "ASKO Høstturnering 2009"]
[Site "Oslo"]
[Date "2009.09.15"]
[Round "2"]
[White "Johansen, Pål H."]
[Black "Flügel, Stefan"]
[Result "0-1"]
[WhiteElo "1565"]
[BlackElo "1715"]
[PlyCount "94"]
[EventDate "2009.??.??"]

1. d4 Nc6 2. Nf3 d5 3. g3 Bg4 4. Bg2 Qd7 5. Nc3 O-O-O 6. Bf4 a6 7. Ng5 e6 8. a3
f6 9. Nf3 g5 10. Be3 Nge7 11. h3 Bf5 12. b4 h6 13. Nd2 Bg6 14. Nb3 Nf5 15. Nc5
Bxc5 16. bxc5 Na5 17. Bc1 c6 18. e3 Qc7 19. g4 Nh4 20. Bf1 e5 21. Na4 exd4 22.
Nb6+ Kb8 23. exd4 Be4 24. Bxa6 Bxh1 25. Rb1 Rhe8+ 26. Be3 Rxe3+ 27. fxe3 Qh2
28. Be2 Qg1+ 29. Kd2 Qxd1+ 30. Rxd1 Bg2 31. Kc3 f5 32. Kb4 Nc4 33. Bxc4 dxc4
34. gxf5 Nxf5 35. Nxc4 Bxh3 36. Ne5 Nxe3 37. Rd3 Rxd4+ 38. Rxd4 Nxc2+ 39. Kc3
Nxd4 40. Kxd4 g4 41. Ke3 h5 42. Kf4 Ka7 43. Kg5 Ka6 44. Kxh5 Kb5 45. Kg5 Kxc5
46. Kf4 Kd4 47. a4 c5 0-1

[Event "ASKO Høstturnering 2009"]
[Site "Oslo"]
[Date "2009.09.15"]
[Round "2"]
[White "Lade, Arnstein S."]
[Black "Breivik, Rolv"]
[Result "1/2-1/2"]
[WhiteElo "1566"]
[BlackElo "1571"]
[PlyCount "67"]
[EventDate "2009.??.??"]

1. c4 c5 2. g3 g6 3. Bg2 Bg7 4. Nc3 Nc6 5. d3 e6 6. e4 Nge7 7. Be3 d6 8. Qd2
Nd4 9. h4 h5 10. Nge2 Qa5 11. Bxd4 cxd4 12. Nb5 Qb6 13. Qb4 Kd7 14. O-O a6 15.
Qa4 Nc6 16. Rac1 axb5 17. Qxa8 Na7 18. cxb5 Ke7 19. Qb8 Bd7 20. Qc7 Qxb5 21.
Qc2 Rc8 22. Qb1 Nc6 23. f4 Ra8 24. a3 Na5 25. b4 Nc6 26. Qb2 Qxd3 27. Ra1 Qe3+
28. Kh2 d3 29. Qxg7 dxe2 30. Rfe1 Nd4 31. e5 d5 32. Qf6+ Ke8 33. Qh8+ Ke7 34.
Qf6+ 1/2-1/2

[Event "ASKO Høstturnering 2009"]
[Site "Oslo"]
[Date "2009.09.22"]
[Round "2"]
[White "Olaussen, Atle Gjøran"]
[Black "Erikstad, Olav"]
[Result "0-1"]
[WhiteElo "1333"]
[BlackElo "1665"]
[Annotator "Eirik"]
[PlyCount "134"]
[EventDate "2009.??.??"]

1. d4 d5 2. c4 c6 3. Nc3 Nf6 4. Nf3 e6 5. c5 b6 6. b4 a5 7. bxa5 bxc5 8. e3
cxd4 9. exd4 Qxa5 10. Bd2 Bb4 11. Qc2 Ba6 12. Bd3 Bxd3 13. Qxd3 Qa6 14. Qxa6
Nxa6 15. O-O c5 16. a3 Bxc3 17. Bxc3 Ne4 18. Bb2 c4 19. Rfc1 O-O 20. Bc3 Nxc3
21. Rxc3 Nb4 22. a4 Nd3 23. Kf1 Rfb8 24. Rc2 Nb2 25. a5 Nd3 26. Ke2 Ra6 27.
Rca2 f6 28. Nd2 e5 29. Nf3 exd4 30. Nxd4 Re8+ 31. Kf1 Re4 32. Nb5 Re7 33. Nd4
Nc5 34. Rb1 Rb7 35. Rb5 Rxb5 36. Nxb5 Nb3 37. Nc7 Rxa5 38. Rxa5 Nxa5 39. Nxd5
Kf7 40. Ke2 Ke6 41. Ne3 Ke5 42. Kd2 Nb3+ 43. Kc3 Nc5 44. Nxc4+ Kf4 45. Nd2 Nd7
46. h3 Nc5 47. g3+ Kf5 48. Kd4 Ne6+ 49. Ke3 Ng5 50. g4+ Kg6 51. h4 Nh3 52. Nf3
f5 53. Ne5+ Kf6 54. Nd7+ Ke7 55. Ne5 Ke6 56. f4 fxg4 57. Nxg4 h5 58. Ne5 Kf5
59. Nd3 Kg4 60. Ne5+ Kxh4 61. Kf3 Ng1+ 62. Ke3 (62. Kf2 $1 Nh3+ 63. Kf3 Ng1+
$10 (63... g5 $4 64. Ng6#)) 62... Kg3 63. f5 h4 64. Nd3 h3 65. Nf2 h2 66. Ne4+
Kg2 67. Nf2 Nh3 0-1

[Event "ASKO Høstturnering 2009"]
[Site "Oslo"]
[Date "2009.09.23"]
[Round "2"]
[White "Paulshus, Anders"]
[Black "Olsen, Andrei"]
[Result "1/2-1/2"]
[WhiteElo "1203"]
[BlackElo "1606"]
[PlyCount "58"]
[EventDate "2009.??.??"]

1. c4 Nf6 2. g3 e5 3. Nc3 Bb4 4. Bg2 Bxc3 5. bxc3 O-O 6. Ba3 Re8 7. e4 d6 8.
Qc2 Nc6 9. Ne2 Be6 10. d3 Na5 11. O-O c5 12. f4 Qc7 13. Bc1 h6 14. f5 Bd7 15.
Bf3 b5 16. cxb5 c4 17. d4 Bxb5 18. g4 d5 19. dxe5 Rxe5 20. Bf4 Qc5+ 21. Nd4
Rxe4 22. Bxe4 Nxe4 23. Kg2 Ba4 24. Qc1 Qe7 25. f6 Qxf6 26. Bc7 Qg6 27. Bxa5
Qxg4+ 28. Kh1 Ng3+ 29. hxg3 Qh3+ 1/2-1/2

[Event "ASKO Høstturnering 2009"]
[Site "Oslo"]
[Date "2009.09.22"]
[Round "2"]
[White "Skrondal, Inge Sandstad"]
[Black "Einarsen, Kenneth"]
[Result "1-0"]
[WhiteElo "2189"]
[BlackElo "1884"]
[PlyCount "85"]
[EventDate "2009.??.??"]

1. e4 d6 2. d4 Nf6 3. Nc3 g6 4. Be2 Bg7 5. Be3 c6 6. h3 b5 7. a3 Nbd7 8. f4 e5
9. g4 exf4 10. Bxf4 Qe7 11. Qd3 O-O 12. O-O-O a5 13. Qg3 b4 14. Bxd6 Nxe4 15.
Nxe4 Qxe4 16. Qf4 Qd5 17. b3 g5 18. Qg3 bxa3 19. Nf3 Ba6 20. c4 Qe4 21. Bd3 Qe6
22. Bxh7+ Kh8 23. Bd3 Qe3+ 24. Kb1 Bxd4 25. h4 a4 26. hxg5+ Kg7 27. b4 Rh8 28.
Nh4 Qxg3 29. Nf5+ Kg8 30. Bxg3 Rxh1 31. Rxh1 Bc3 32. Bd6 Nf8 33. Rf1 Ra7 34. b5
cxb5 35. cxb5 Bc8 36. Ne7+ Rxe7 37. Bxe7 Bxg4 38. Bxa3 Be6 39. Rf4 Nd7 40. Rxa4
Ne5 41. Kc2 Be1 42. Ra8+ Kg7 43. Bf8+ 1-0

[Event "ASKO Høstturnering 2009"]
[Site "Oslo"]
[Date "2009.09.15"]
[Round "2"]
[White "Tveit, Geir"]
[Black "Liabøtrø, Ola"]
[Result "0-1"]
[WhiteElo "1472"]
[BlackElo "1367"]
[PlyCount "118"]
[EventDate "2009.??.??"]

1. d4 Nf6 2. Bf4 e6 3. e3 c5 4. c3 Nc6 5. Nf3 b6 6. Nbd2 Bb7 7. Bd3 cxd4 8.
exd4 Be7 9. h3 d6 10. Qc2 Rc8 11. a3 Qc7 12. O-O O-O 13. Rfe1 Rfe8 14. Rac1 h6
15. Re2 Bf8 16. Ne4 Qd8 17. Qd2 e5 18. dxe5 Nxe5 19. Bxe5 dxe5 20. Bc2 Nd5 21.
Ng3 Nf4 22. Ree1 Qxd2 23. Nxd2 Nxg2 24. Red1 Nf4 25. h4 Red8 26. Nde4 Bxe4 27.
Bxe4 g6 28. Kf1 Be7 29. h5 Nxh5 30. Nxh5 gxh5 31. Ke2 Bg5 32. Rxd8+ Rxd8 33.
Rd1 Rxd1 34. Kxd1 Kf8 35. a4 Ke7 36. b4 h4 37. Ke2 h3 38. c4 Kd6 39. Kd3 h2 40.
Bh1 f5 41. f3 h5 42. Kc3 h4 43. Bg2 a5 44. Bh1 h3 45. c5+ bxc5 46. bxa5 f4 47.
Kd3 Bd8 48. a6 Bb6 49. Kc4 Kc6 50. Kd3 Kd5 51. Kc3 c4 52. Kb4 Ba7 53. Kc3 Kc5
54. Kd2 Kd4 55. Kc2 c3 56. a5 Bb8 57. Kc1 Kd3 58. Kd1 c2+ 59. Kc1 Ba7 0-1

[Event "ASKO Høstturnering 2009"]
[Site "Oslo"]
[Date "2009.09.15"]
[Round "2"]
[White "Øhman, Kjell Tage"]
[Black "Hole, Øystein"]
[Result "0-1"]
[WhiteElo "1629"]
[BlackElo "2377"]
[PlyCount "76"]
[EventDate "2009.??.??"]

1. d4 Nf6 2. c4 c5 3. Nf3 e6 4. Nc3 d5 5. cxd5 exd5 6. g3 Nc6 7. Bg2 Be7 8. O-O
O-O 9. Be3 c4 10. Ne5 Be6 11. b3 cxb3 12. axb3 Qb6 13. Na4 Qb4 14. Nd3 Qb5 15.
Nc3 Qb6 16. Na4 Qc7 17. Bf4 Bd6 18. Rc1 Bxf4 19. Nxf4 Qd6 20. e3 b6 21. e4 dxe4
22. d5 Bxd5 23. Nxd5 Nxd5 24. Bxe4 Ncb4 25. Qd2 Rad8 26. Rfd1 Qe7 27. Rc4 Nf6
28. Qe1 Rxd1 29. Qxd1 b5 30. Qe1 Re8 31. Rxb4 bxa4 32. f3 axb3 33. Rxb3 Nxe4
34. Re3 Qc5 35. Kg2 f5 36. fxe4 Rxe4 37. Rxe4 Qd5 38. Qf2 a5 0-1

[Event "ASKO Høstturnering 2009"]
[Site "Oslo"]
[Date "2009.09.29"]
[Round "3"]
[White "Blomkvist, Vemund"]
[Black "Olaussen, Atle Gjøran"]
[Result "1-0"]
[WhiteElo "1484"]
[BlackElo "1333"]
[PlyCount "57"]
[EventDate "2009.??.??"]

1. e4 e5 2. f4 exf4 3. Be2 d6 4. Nf3 Be7 5. Nc3 Bh4+ 6. g3 fxg3 7. O-O Bh3 8.
d4 Bxf1 9. Qxf1 gxh2+ 10. Kh1 Bf6 11. e5 dxe5 12. dxe5 Be7 13. Bc4 f6 14. Bg5
c6 15. Rd1 Qc8 16. Ne4 Qg4 17. Rd4 Qf5 18. Qd3 Qc8 19. exf6 gxf6 20. Nd6+ Bxd6
21. Rxd6 Qc7 22. Qe3+ Kf8 23. Bh6+ Nxh6 24. Qxh6+ Ke7 25. Qxf6+ Ke8 26. Bf7+
Kf8 27. Bg6+ Kg8 28. Rd8+ Qxd8 29. Qf7# 1-0

[Event "ASKO Høstturnering 2009"]
[Site "Oslo"]
[Date "2009.09.29"]
[Round "3"]
[White "Breivik, Rolv"]
[Black "Øhman, Kjell Tage"]
[Result "0-1"]
[WhiteElo "1571"]
[BlackElo "1629"]
[PlyCount "76"]
[EventDate "2009.??.??"]

1. d4 Nf6 2. c4 e6 3. Bg5 Bb4+ 4. Nc3 c5 5. a3 Bxc3+ 6. bxc3 Qa5 7. Bd2 Ne4 8.
Qc2 Nxd2 9. Qxd2 Nc6 10. Nf3 d6 11. e3 O-O 12. Be2 e5 13. d5 Ne7 14. O-O Ng6
15. Qc2 f5 16. Nd2 Bd7 17. Rfb1 Rab8 18. f3 Qd8 19. Rb2 Qg5 20. Nf1 f4 21. e4
Bh3 22. Kf2 Qxg2+ 23. Ke1 Nh4 24. Qd3 Qg1 25. Kd2 Qf2 26. Kc2 Rf6 27. Nd2 Rg6
28. Bf1 Qxh2 29. Bxh3 Qxh3 30. Rbb1 Rg2 31. Rf1 Rh2 32. Kb3 Ng2 33. Rg1 Ne3 34.
Nf1 Nxf1 35. Raxf1 Qd7 36. a4 Qc7 37. Ka3 a6 38. Rb1 b5 0-1

[Event "ASKO Høstturnering 2009"]
[Site "Oslo"]
[Date "2009.09.29"]
[Round "3"]
[White "Einarsen, Kenneth"]
[Black "Valle, Lars"]
[Result "1-0"]
[WhiteElo "1884"]
[BlackElo "1487"]
[PlyCount "57"]
[EventDate "2009.??.??"]

1. Nf3 Nf6 2. d4 g6 3. c4 c5 4. Nc3 Bg7 5. e4 cxd4 6. Nxd4 d6 7. Be2 O-O 8. O-O
Bd7 9. Be3 Nc6 10. Rc1 Nxd4 11. Bxd4 e5 12. Be3 Bc6 13. Qd3 Ne8 14. Bg4 Qh4 15.
f3 h5 16. Bh3 Kh7 17. b4 b6 18. c5 dxc5 19. bxc5 b5 20. Nxb5 Bh6 21. Bf2 Qg5
22. Rcd1 f5 23. exf5 gxf5 24. Rfe1 Ng7 25. Rxe5 Rad8 26. Nd6 Qf4 27. Bd4 h4 28.
Nxf5 Qxe5 29. Nd6+ 1-0

[Event "ASKO Høstturnering 2009"]
[Site "Oslo"]
[Date "2009.09.29"]
[Round "3"]
[White "Erikstad, Olav"]
[Black "Briseid, Håkon"]
[Result "0-1"]
[WhiteElo "1665"]
[BlackElo "1962"]
[PlyCount "88"]
[EventDate "2009.??.??"]

1. e4 e5 2. Nf3 Nc6 3. Bb5 a6 4. Bxc6 dxc6 5. d4 exd4 6. Qxd4 Qxd4 7. Nxd4 Bd7
8. Be3 O-O-O 9. Nd2 Ne7 10. O-O-O Ng6 11. f4 f6 12. h3 Bd6 13. f5 Ne5 14. N4f3
Nf7 15. g4 Rhe8 16. g5 Bxf5 17. exf5 Rxe3 18. gxf6 gxf6 19. Rhg1 Bf4 20. Kb1
Nh6 21. Rdf1 Nxf5 22. Nc4 Re4 23. Nfd2 Bxd2 24. Nxd2 Rxd2 25. Rxf5 Ree2 26.
Rxf6 Rxc2 27. Rf7 Rxb2+ 28. Kc1 Rec2+ 29. Kd1 Rg2 30. Rxg2 Rxg2 31. Rxh7 Rxa2
32. h4 b5 33. h5 Rh2 34. h6 Kb7 35. Rh8 a5 36. h7 a4 37. Kc1 a3 38. Kb1 b4 39.
Rg8 Rxh7 40. Ka2 Rh2+ 41. Kb3 Rb2+ 42. Ka4 a2 43. Rb8+ Kxb8 44. Ka5 a1=Q# 0-1

[Event "ASKO Høstturnering 2009"]
[Site "Oslo"]
[Date "2009.10.06"]
[Round "3"]
[White "Flügel, Stefan"]
[Black "Skrondal, Inge Sandstad"]
[Result "0-1"]
[WhiteElo "1715"]
[BlackElo "2189"]
[PlyCount "46"]
[EventDate "2009.??.??"]

1. Nc3 c5 2. Nf3 Nc6 3. d4 cxd4 4. Nxd4 g6 5. Nxc6 bxc6 6. Qd4 Nf6 7. Ne4 Bg7
8. Bg5 O-O 9. Nxf6+ exf6 10. Bd2 f5 11. Qb4 Qb6 12. Bc3 Re8 13. O-O-O Bxc3 14.
Qxc3 Qxf2 15. Rd3 Ba6 16. Rf3 Qb6 17. h4 h5 18. e3 Bxf1 19. Rhxf1 Re4 20. Qf6
Rae8 21. b3 R4e6 22. Qg5 Rxe3 23. Rxf5 Qd4 0-1

[Event "ASKO Høstturnering 2009"]
[Site "Oslo"]
[Date "2009.09.29"]
[Round "3"]
[White "Fredriksen, Jan Gunnar"]
[Black "Liabøtrø, Ola"]
[Result "1-0"]
[WhiteElo "1794"]
[BlackElo "1367"]
[PlyCount "77"]
[EventDate "2009.??.??"]

1. e4 d5 2. Nc3 dxe4 3. Nxe4 Bf5 4. Ng3 Bg6 5. Qf3 c6 6. Bc4 Nd7 7. Bb3 e6 8.
N1e2 Bd6 9. O-O Ngf6 10. Nf4 Qc7 11. Nxg6 hxg6 12. h3 O-O-O 13. d4 Nb6 14. a4
Bxg3 15. fxg3 Nbd5 16. a5 a6 17. g4 Rd7 18. c4 Ne7 19. g5 Nh5 20. Qxf7 Nf5 21.
Qxe6 Nxd4 22. Qe3 Ng3 23. Re1 Nxb3 24. Qxb3 Nf5 25. Ra3 Qd6 26. Kh1 Rf8 27. Qc3
c5 28. Be3 Qc6 29. Bg1 Nh4 30. Qg3 Rd2 31. Qg4+ Rf5 32. Rg3 Nxg2 33. Rxg2 Rxb2
34. Bh2 Rxg2 35. Qxg2 Qa4 36. Qe4 Qd7 37. h4 Kd8 38. Kg2 Rf7 39. Re2 1-0

[Event "ASKO Høstturnering 2009"]
[Site "Oslo"]
[Date "2009.09.29"]
[Round "3"]
[White "Hole, Øystein"]
[Black "Ali, Karim"]
[Result "1-0"]
[WhiteElo "2377"]
[BlackElo "1633"]
[PlyCount "67"]
[EventDate "2009.??.??"]

1. Nf3 Nf6 2. c4 g6 3. Nc3 d5 4. Qa4+ Bd7 5. Qb3 dxc4 6. Qxc4 c6 7. d4 Be6 8.
Qd3 h6 9. e4 Na6 10. h3 Nb4 11. Qd1 a5 12. a3 Na6 13. Bd3 Bg7 14. Be3 Nc7 15.
Qd2 h5 16. Na4 Nd7 17. Rc1 Na6 18. O-O Bb3 19. Nc3 b5 20. Ne2 Rc8 21. Rc3 a4
22. Rfc1 Qb6 23. Bc2 Bxc2 24. Qxc2 O-O 25. Rxc6 Rxc6 26. Qxc6 Qxc6 27. Rxc6
Nab8 28. Rc7 Nb6 29. Nc3 Nc4 30. Nxb5 Nxb2 31. Rc2 Nd1 32. Bf4 e5 33. Nxe5 Na6
34. Nc6 1-0

[Event "ASKO Høstturnering 2009"]
[Site "Oslo"]
[Date "2009.09.29"]
[Round "3"]
[White "Lade, Arnstein S."]
[Black "Hjelle, Øyvind"]
[Result "1-0"]
[WhiteElo "1566"]
[BlackElo "1422"]
[PlyCount "111"]
[EventDate "2009.??.??"]

1. d4 Nf6 2. c4 e6 3. Nc3 Bb4 4. Nf3 c5 5. Bd2 cxd4 6. Nxd4 Nc6 7. e3 O-O 8.
Bd3 d5 9. Nxc6 bxc6 10. Qc2 e5 11. O-O e4 12. Be2 Be6 13. Nxe4 Be7 14. Nxf6+
Bxf6 15. Bc3 Rc8 16. Bxf6 Qxf6 17. c5 Rb8 18. Rab1 Rb4 19. g3 Bh3 20. Rfd1 Rfb8
21. b3 Re4 22. Qb2 Qg5 23. Bf1 Bg4 24. Rd4 Bf5 25. Rbd1 Rbe8 26. Rxe4 Bxe4 27.
Bg2 Qh5 28. Re1 f5 29. Qe2 Qxe2 30. Rxe2 Bxg2 31. Kxg2 d4 32. Kf1 d3 33. Rd2
Rd8 34. Ke1 Kf7 35. Kd1 Ke6 36. Kc1 Rd5 37. b4 Ke5 38. Kb2 Ke4 39. Kc3 g5 40.
Kc4 a6 41. a4 Rd8 42. b5 axb5+ 43. axb5 cxb5+ 44. Kxb5 Rb8+ 45. Kc6 Rb3 46. Kd7
Kd5 47. c6 Kc4 48. c7 Rb7 49. Kc6 Rxc7+ 50. Kxc7 Kc3 51. Rd1 Kc2 52. Rh1 d2 53.
Kd6 d1=Q+ 54. Rxd1 Kxd1 55. Ke5 Ke2 56. Kxf5 1-0